Τα Ορθόδοξα Πρεσβυγενή Πατριαρχεία και ο Μητροπολίτης Σάμου και Ικαρίας Ειρηναίος Παπαμιχαήλ

Saved in:
Bibliographic Details
Main Authors: Βαρβούνης, Εμμανουήλ Γερ., 1966-, Τζουμέρκας, Παναγιώτης, 1965- (Author)
Format: Book
Language:Greek
Published: Θεσσαλονίκη : Κυριακίδης, 2019.
Series:Σειρά Επιστημονικών Μελετημάτων (Κέντρο Εκκλησιαστικών Ιστορικών κι Πολιτισμικών Μελετών) 4
Subjects:
Tags: Add Tag
No Tags, Be the first to tag this record!

MARC

LEADER 00000nam a2200000 a 4500
001 1/127305
008 230920t2019####gr | ||| |||| ||gre||
020 |a 9789605993009 
040 |a GR-MyUa  |b gre  |c GR-MyUa  |e AACR2 
041 0 |a gre 
082 7 |a 281.9  |2 (23) 
100 1 |a Βαρβούνης, Εμμανουήλ Γερ.,   |d 1966- 
245 1 3 |a Τα Ορθόδοξα Πρεσβυγενή Πατριαρχεία και ο Μητροπολίτης Σάμου και Ικαρίας Ειρηναίος Παπαμιχαήλ /   |c Μ. Γ. Βαρβούνης, Παν. Τζουμέρκας.  
260 |a Θεσσαλονίκη :   |b Κυριακίδης,   |c 2019.  
300 |a 526 σ. ;   |c 25 εκ.  
490 1 |a (Σειρά Επιστημονικών Μελετημάτων / Κέντρο Εκκλησιαστικών Ιστορικών κι Πολιτισμικών Μελετών ;   |v 4) 
504 |a Περιέχει βιβλιογραφικές αναφορές και ευρετήρια.  
600 0 0 |a Ειρηναίος Παπαμιχαήλ,   |c Μητροπολίτης Σάμου και Ικαρίας,   |d 1878-1963. 
610 2 0 |a Orthodox Eastern Church  |z Greece. 
610 1 0 |a Jerusalem (Orthodox patriarchate) 
651 0 |a Samos (Greece : Municipality)  |x Monasteries. 
651 0 |a Samos (Greece : Municipality)  |x Church history. 
700 1 |a Τζουμέρκας, Παναγιώτης,   |d 1965-  |e aut 
830 0 |a Σειρά Επιστημονικών Μελετημάτων (Κέντρο Εκκλησιαστικών Ιστορικών κι Πολιτισμικών Μελετών)  |v 4 
852 |a INST  |b SAMOS  |e 20230919  |h 281.9 ΒΑΡ  |p 005300047754  |q 005300047754  |t BK  |y 0 
970 |a Γουβάλα  |b Βάσω  |z 20-09-2023